1834 1417 1056 1226 1699 1808 1444 1256 1527 1130 1425 1892 1626 1897 1711 1228 1599 1175 1191 1868 1489 1767 1527 1661 1646 1902 1151 1932 1486 1789 1800 1743 1662 1053 1320 1745 1596 1743 1535 1177 1195 1252 1872 1123 1012 1556 1930 1211 1217 1446 1186 1347 1703 1906 1494 1419 1162 1036 1856 1393 1072 1680 1247 1593 1156 1002 1229 1124 1440 1170 1112 1624 1261 1309 1820 1986 1651 1894 1557 1363 1525 1054 1715 1687 1208 1089 1447 1596 1373 1826 1608 1084 1477 1158 1464 1747 1888 1745 1981 BCNSPRNW ULIB Ver.6.0+V

เปลี่ยนเป็นภาษาไทย

Change to English
 แสดงรายละเอียดบรรณานุกรม
  กลับหน้าหลัก

Brief Record : Get Marc (ISO 2709) : E-mail record : QR code < ปิดหน้าต่าง
LEADER : 00000nam 2200000uu 4500
001    13399127488
003     ULIB
008    200617s||||||||th 000 0 tha d
020 ^- ^a9786161828837
050 ^- ^aBF441^bพ22ท
100 1^ aพก, จูฮวัน.
245 10 ^aทุกอย่างในชีวิต เริ่มจากความคิดที่เป็นระเบียบ /^cพก จูฮวัน เขียน ; ภัททิรา จิตต์เกษม แปล.
246 13 ^aThinking organize skill
250 ^- ^aพิมพ์ครั้งที่ 2.
260 ^- ^aกรุงเทพฯ :^bอมรินทร์ฮาวทู,^c2562
300 ^- ^a232 หน้า :^bภาพประกอบ,^c21 ซม.
500 ^- ^aพิมพ์ซ้ำกับฉบับพิมพ์ครั้งแรก 2562.แปลจาก: Saenggak jeongni seukil.
650 ^4 ^aความคิดและการคิด.การวางแผน.เทคนิค.
700 0^ aภัททิรา จิตต์เกษม.
945    ^p235^l0^i28394
999    ^aกัณชพร จุลอักษร
รายการนี้ยังไม่มีแท็ก
คุณยังไม่ได้ล็อกอิน คุณสามารถมีกิจกรรมร่วมกับเว็บไซต์ได้ แต่ต้องล็อกอินก่อน ::
  ล็อกอิน

รายการสื่อสารสนเทศ

ลำดับที่ ประเภท เลขเรียก/บาร์โค้ด สถานที่ สถานะ
1. หนังสือสำรอง
หนังสือสำรอง
BF441 พ22ท ฉ.1 
  Barcode: 28394
ห้องสมุดวิทยาเขตนครสวรรค์
►หนังสือทั่วไป:l:General Books
บนชั้น

รายการใกล้เคียง
    หัวเรื่อง [ความคิดและการคิด.การวางแผน.เทคนิค.]

BibComment


ยังไม่เคยถูกคอมเมนท์

คอมเมนท์ทรัพยากรรายการนี้
  คอมเมนท์: ทุกอย่างในชีวิต ..


 Copyright 2026. Bcnsprnw @Library